La mujer latinoamericana ante la determinación sexual: análisis comparativo

Kaydedildi:
Detaylı Bibliyografya
Yazar: Espin, Oliva
Materyal Türü: Metin
Baskı/Yayın Bilgisi: San José
Etiketler: Etiketle
Etiket eklenmemiş, İlk siz ekleyin!

MARC

LEADER 00000 a a2200000 04500
001 21593
003
040
090 |a 095900  
100 |a Espin, Oliva  
245 |a La mujer latinoamericana ante la determinación sexual: análisis comparativo  
260 |a San José  
300 |a 16 p.  
999 |c 11966  |d 11966